Normal view
MARC view
- Cobbett, Richard
Entry Personal Name
001 - CONTROL NUMBER
- control field: 55885
003 - CONTROL NUMBER IDENTIFIER
- control field: NUST
005 - DATE AND TIME OF LATEST TRANSACTION
- control field: 20210628201553.0
008 - FIXED-LENGTH DATA ELEMENTS
- fixed length control field: 210628|| aca||aabn | a|a d
040 ## - CATALOGING SOURCE
- Original cataloging agency: NUST
- Transcribing agency: NUST
100 ## - HEADING--PERSONAL NAME
- Personal name: Cobbett, Richard
670 ## - SOURCE DATA FOUND
- Source citation: Work cat.: (NUST): Karp, David A. (David Aaron) 55882, Windows XP in a nutshell , c2005.
